| 000 | 00453nam a2200157 4500 | ||
|---|---|---|---|
| 001 | 115885 | ||
| 003 | ES-MaACL | ||
| 007 | t| | ||
| 008 | 061121s1967 sp r ||||1| spa d | ||
| 100 | 1 |
_aOrs, Eugenio d', _d1881-1954 _987358 |
|
| 245 | 1 | 0 |
_aMenester del crítico de arte / _cEugenio d'Ors. |
| 260 |
_aMadrid : _bAguilar, _c1967. |
||
| 300 |
_a104 p., 12 lám. ; _c19 cm. |
||
| 852 |
_aES-MaACL _jB-8500 _bR.65335 |
||
| 999 |
_c115885 _d115885 |
||